LIBRARY & INFORMATION CENTRE, KCAET, TAVANUR

ONLINE PUBLIC ACCESS CATALOGUE (OPAC)

Principles of plant physiology / (Record no. 7208)

MARC details
000 -LEADER
fixed length control field 00468cam a2200181ua 4500
020 ## - INTERNATIONAL STANDARD BOOK NUMBER
ISBN 81-7141-247-5
041 ## - LANGUAGE CODE
Language code of text/sound track or separate title eng
082 ## - DEWEY DECIMAL CLASSIFICATION NUMBER
Classification number 581.1
Item number STI/PR
100 ## - MAIN ENTRY--AUTHOR NAME
Personal name Stiles, Walter .
245 ## - TITLE STATEMENT
Title Principles of plant physiology /
260 ## - PUBLICATION, DISTRIBUTION, ETC. (IMPRINT)
Place of publication New Delhi :
Name of publisher Discovery publishing house ,
Year of publication 1994.
300 ## - PHYSICAL DESCRIPTION
Number of Pages 615 ; .
500 ## - GENERAL NOTE
General note *CSS
942 ## - ADDED ENTRY ELEMENTS (KOHA)
Koha item type Books
Holdings
Withdrawn status Lost status Damaged status Home library Current library Shelving location Date acquired Full call number Accession Number Koha item type
      KAUAET KAUAET Scheme 31/08/2018 581.1 STI/PR 18510 Books
free website counter